| 000 | 00815nam a2200181Ia 4500 | ||
|---|---|---|---|
| 008 | 151202s9999||||xx |||||||||||||| ||und|| | ||
| 082 | _bPNVM-80961 | ||
| 100 | _aभिंगारकर कृ.ज्ञा. | ||
| 245 | _aसंत तुकाराम आणि संत कबीर यांची बोधवचने. | ||
| 260 | _bप्रणव प्रकाशन पुणे. | ||
| 260 | _c2012 | ||
| 300 | _a222 | ||
| 600 | _aभिंगारकर कृ.ज्ञा. | ||
| 630 | _aसंत तुकाराम आणि संत कबीर यांची बोधवचने. | ||
| 700 | _aभिंगारकर कृ.ज्ञा. | ||
| 730 | _aसंत तुकाराम आणि संत कबीर यांची बोधवचने. | ||
| 942 | _cBOOK | ||
| 999 |
_c1345569 _d1345566 |
||